000 00253nam a22001217a 4500
003 SGT
082 _a616.995
_bP15F
100 _aFOSTER, JIM
245 _aPULMONARY HYPERTENSION
260 _aJERSEY
_bFA PUB
_c2015
300 _a231
942 _2ddc
_cBK
999 _c14824
_d14824